000 01028nam a2200325Ia 4500
003 OSt
005 20220912144659.0
006 a|||||r|||| 00| 0
007 ta
008 220909b |||||||| |||| 00| 0 eng d
020 _a9780199601622 (pbk)
020 _aSL01558803
024 _a186877
037 _b5229, 13/08/2012, New India Book Agency
037 _cTextbook
040 _aCSL
_beng
_cCSL
041 _aeng
082 _aB280bD65,8(B), Q2 TB
100 _aBeckerman Andrew P; Petchey Owen L
245 0 _aGetting started with R : an introduction for biologists
260 _aOxford
_bOxford Univ Press
_c2012
300 _ax,113p.
500 _aAppendix 109-110p.; Index 111-113p.
650 _a Open source programming language
650 _a R
650 _aStatistics
700 _aBeckerman Andrew P; Petchey Owen L
942 _hB280bD65,8(B), Q2 TB
_cTB
_2CC
999 _c15594
_d15594